000 00722nam a2200241 a 4500
999 _c3293
_d3293
001 3293
003 BD-JhCC
005 20171112174748.0
008 171112s2006 bg |||| ||a| 000 0 ben d
020 _a9847764190
035 _a(BD-JhCC)3293
040 _aBD-JhCC
_dBD-JhCC
041 _aben
082 _a813.54
_bAZI 2006
100 _aআজিমভ, আইজ্যাক
245 _aপেবন ইন দ্য স্কাই /
_cআইজ্যাক আজিমভ,
260 _aঢাকা :
_bঐতিহ্য প্রকাশন,
_c2006
300 _a327 p. :
_c20 cm.
650 _aFiction
700 _aমাসুদ, আসরার (অনু)
942 _2ddc
_cBK